Democracy: the theory and the practice (Record no. 420740)

000 -LEADER
fixed length control field 00325cam a22001217a 4500
008 - FIXED-LENGTH DATA ELEMENTS--GENERAL INFORMATION
fixed length control field 180718b1966 xxu||||| |||| 00| 0 eng d
082 ## - DEWEY DECIMAL CLASSIFICATION NUMBER
Classification number B253 L587
100 ## - MAIN ENTRY--PERSONAL NAME
Personal name Lewis, J.R.
245 ## - TITLE STATEMENT
Title Democracy: the theory and the practice
Statement of responsibility, etc. by J.R. Lewis
260 ## - PUBLICATION, DISTRIBUTION, ETC.
Place of publication, distribution, etc. London
Name of publisher, distributor, etc. Allman & Sons
Date of publication, distribution, etc. 1966
300 ## - PHYSICAL DESCRIPTION
Extent 224p
650 ## - SUBJECT ADDED ENTRY--TOPICAL TERM
Topical term or geographic name entry element Democracy.
Holdings
Withdrawn status Lost status Damaged status Not for loan Permanent Location Current Location Date acquired Full call number Barcode Date last seen Price effective from Koha item type
        Indian Institute of Public Administration Indian Institute of Public Administration 2009-07-17 B253 L587 40761 2018-07-21 2018-07-21 Book

Powered by Koha